000 00492nam a2200217Ia 4500
003 OSt
005 20221005123505.0
006 a|||||r|||| 00| 0
007 ta
008 221004b |||||||| |||| 00| 0 eng d
024 _a58896
037 _cTextual
040 _aCRL
_cCRL
_beng
041 _2eng
_aeng
082 _aU8:2:M8, B2
245 0 _aLife in India
260 _c1882
650 _aGEOGRAPHY
942 _hU8:2:M8, B2
_cTEXL
_2cc
999 _c1047577
_d1047577